[Event "HUN-chT2 Charousek 0910"]
[Site "Hungary"]
[Date "2010.02.28"]
[Round "7"]
[White "Kutas, Lajos"]
[Black "Geresdi, Andras"]
[Result "1/2-1/2"]
[WhiteElo "1452"]
[BlackElo "1844"]
[PlyCount "151"]
[EventDate "2009.11.08"]
[EventType "team-tourn"]
[EventRounds "11"]
[EventCountry "HUN"]
[SourceTitle "EXT 2011"]
[Source "ChessBase"]
[SourceDate "2010.11.26"]
[SourceVersion "1"]
[SourceVersionDate "2010.11.26"]
[SourceQuality "1"]
[WhiteTeam "Alsoszolnok"]
[BlackTeam "Pannonpower"]
[WhiteTeamCountry "HUN"]
[BlackTeamCountry "HUN"]

1. d4 Nf6 2. c4 g6 3. Nc3 Bg7 4. Nf3 0-0 5. Bf4 d6 6. e4 a6 7. Be2 c5 8. d5 Qb6 9. Qc2 e6 10. 0-0 exd5 11. Nxd5 Nxd5 12. cxd5 Re8 13. Bd3 Qxb2 14. Bxd6 Qxc2 15. Bxc2 Bxa1 16. Rxa1 c4 17. a4 Bd7 18. Nd4 Rd8 19. Bc7 Rc8 20. Bb6 Nc6 21. dxc6 Bxc6 22. Nxc6 Rxc6 23. Be3 a5 24. Rb1 Rd6 25. Rxb7 c3 26. Kf1 Rc8 27. Rb5 Rd2 28. Bxd2 cxd2 29. Bd1 Rc4 30. Rxa5 Rxe4 31. Be2 Rd4 32. f3 d1Q+ 33. Bxd1 Rxd1+ 34. Ke2 Rd6 35. h3 h5 36. h4 Kg7 37. Ke3 Kf6 38. Ra7 Ke6 39. Ke4 Kf6 40. Ra5 Rb6 41. Kf4 Rb4+ 42. Kg3 Ke6 43. Ra6+ Kd7 44. a5 Ra4 45. Ra7+ Ke6 46. a6 f5 47. Ra8 f4+ 48. Kh3 Kf7 49. a7 Kg7 50. Kh2 Ra1 51. g3 Ra2+ 52. Kh3 fxg3 53. Kxg3 Ra4 54. f4 Kh7 55. Kf3 Kg7 56. Ke3 Kh7 57. Kd3 Kg7 58. Kc3 Kh7 59. Kb3 Ra1 60. Kc4 Kg7 61. Kd5 Ra5+ 62. Ke6 Ra6+ 63. Ke7 Ra1 64. Kd7 Rd1+ 65. Kc6 Rc1+ 66. Kb5 Rb1+ 67. Kc4 Ra1 68. f5 gxf5 69. Kd4 Ra4+ 70. Ke5 f4 71. Rd8 Rxa7 72. Kxf4 Ra4+ 73. Kg3 Ra3+ 74. Kg2 Ra4 75. Kg3 Ra3+ 76. Kf4 1/2-1/2

[Event "HUN-chT2 Charousek 0910"]
[Site "Hungary"]
[Date "2009.12.06"]
[Round "3"]
[White "Gal, Cintia"]
[Black "Kutas, Lajos"]
[Result "1/2-1/2"]
[WhiteElo "1675"]
[BlackElo "1452"]
[PlyCount "67"]
[EventDate "2009.11.08"]
[EventType "team-tourn"]
[EventRounds "11"]
[EventCountry "HUN"]
[SourceTitle "EXT 2011"]
[Source "ChessBase"]
[SourceDate "2010.11.26"]
[SourceVersion "1"]
[SourceVersionDate "2010.11.26"]
[SourceQuality "1"]
[WhiteTeam "Sarvar"]
[BlackTeam "Alsoszolnok"]
[WhiteTeamCountry "HUN"]
[BlackTeamCountry "HUN"]

1. e4 c5 2. Nf3 e6 3. d4 cxd4 4. Nxd4 Nc6 5. Nc3 Bb4 6. Nde2 Nf6 7. Bd2 d5 8. exd5 Nxd5 9. Nxd5 Bxd2+ 10. Qxd2 Qxd5 11. Qxd5 exd5 12. 0-0-0 Be6 13. Nf4 0-0-0 14. Bb5 Rd6 15. Rhe1 Rhd8 16. a3 a6 17. Be2 g5 18. Nd3 Bf5 19. Nc5 Kc7 20. h3 Re8 21. Bd3 Rxe1 22. Rxe1 Bxd3 23. Nxd3 b6 24. g3 Re6 25. Kd2 Kd6 26. c3 Na5 27. f3 Nc4+ 28. Kd1 Ne3+ 29. Kd2 Nf5 30. g4 Nh4 31. Re3 h6 32. Ne1 Ng6 33. Nd3 f6 34. b3 1/2-1/2